| 000 | 00392cam a2200145 a 4500 | ||
|---|---|---|---|
| 020 | _a1846375118 (pbk.) | ||
| 082 |
_a940.400223 _bOFF |
||
| 100 | 1 |
_aWells, H. G. _945844 |
|
| 245 | 1 | 4 |
_aThe war in the air / _cH.G. Wells. |
| 260 |
_aCirencester : _bEcho Library, _c2005. |
||
| 300 |
_a190 p. ; _c23 cm. |
||
| 526 |
_a0 _b0 _c0 _d940_400223000000000_OFF |
||
| 650 | 0 |
_aMCE _9379 |
|
| 942 |
_2ddc _cBK |
||
| 999 |
_c552136 _d552136 |
||